| 000 | 01395nam0a22002531 4500 | ||
|---|---|---|---|
| 001 | rc\3460311 | ||
| 005 | 20130115124342.4 | ||
| 021 |
_aRU _bРг5463-71 |
||
| 021 |
_aRU _b70-77421 |
||
| 035 | _a(NLR Aleph) 007885904 | ||
| 090 |
_a7947223 _c7947223 |
||
| 100 | _a20130115d1970 |||y0rusy50 ca | ||
| 101 | 0 | _arus | |
| 102 | _aRU | ||
| 105 | _ay z ||||| | ||
| 200 | 1 |
_aАрхитектурно-планировочные решения домов и квартир в типовых проектах на период строительства 1971-1975 гг. _eДоклад канд. арх. А. Ольховой _fМ-во стр-ва СССР. Главцентрострой. Трест "Оргтехстрой". Гос. ком. по гражд. стр-ву и архитектуре при Госстрое СССР. Центр. науч.-исслед. и проектный ин-т типового и эксперим. проектирования жилища (ЦНИИЭП жилища). Всесоюз. школа науч. организации труда в стр-ве. Семинар в г. Калинине, сент. 1970 г. |
|
| 210 |
_aМосква _cБ. и. _d1970 |
||
| 215 |
_a13 с. _d26 |
||
| 700 | 1 |
_aОльхова _bА. П. _gАнна Павловна |
|
| 801 | 0 |
_aRU _bNLR _gpsbo |
|
| 801 | 1 |
_aRU _bELAR _2rusmarc |
|
| 852 |
_aNLR _j71-4/4691 |
||
| 942 | _cBOOK | ||
| 980 | _aNB | ||